00597nam a2200193Ia 4500008004100000041000800041082001200049100002200061245004000083250000600123260003200129300000800161365000800169500001500177520001200192650001700204999001900221952016300240230512s9999 xx 000 0 und d aeng a658.406 aCHARAN R/ TICHY N aEVERY BUSINESS IS A GROWTH BUSINESS a1 bTHREE RIVERS PRESS NEW YORK a333 b438 aPaper Back aGeneral aGeneral Book c407403d407403 00104070aMCKbMCKc49Ed2009-02-26eBHARATI MADHYAVARTI SAHAKARI GRAHAK BHANDAR LTDg515.00h15l0o658.406pMCK-11881r2023-05-22 00:00:00w2023-05-22yBK